000 00559nam a2200157 4500
999 _c16910
_d16910
008 220518b ||||| |||| 00| 0 eng d
022 _a0117-3308
082 _aDPer 004.1105 C73 Sept 2010 - April 2011 v. 20 n. 3-9
100 _aLemos, Robert.
_945145
245 _aWhen clouds attack:
_bways providers can improve security/
_cRobert Lemos.
260 _aPhilippines:
_bSchneider Electric,
_c©2010-2011.
300 _av20 n5, pages 32-33:
_bcolor illustrations;
_c27 cm.
500 _aComputer world.
650 _aComputer crimes.
_945146
942 _2ddc
_cPER